<?xml version="1.0" encoding="UTF-8"?>
<marc:record xmlns:marc="http://www.loc.gov/MARC21/slim">
   <marc:leader>00000nam a2200000 a 4500</marc:leader>
   <marc:datafield ind1="1" ind2=" " tag="100">
      <marc:subfield code="a">Graf, Danielle</marc:subfield>
      <marc:subfield code="4">aut</marc:subfield>
      <marc:subfield code="e">Verfasser/-in</marc:subfield>
   </marc:datafield>
   <marc:datafield ind1="0" ind2="0" tag="245">
      <marc:subfield code="a">Maxi, beeil dich!</marc:subfield>
   </marc:datafield>
   <marc:datafield ind1="0" ind2="0" tag="245">
      <marc:subfield code="b">ein Bilderbuch über den Hürdenlauf am Morgen/ Danielle Graf, Katja Seide ; Günther Jakobs</marc:subfield>
   </marc:datafield>
   <marc:datafield ind1=" " ind2="1" tag="264">
      <marc:subfield code="b">Beltz  &amp; Gelberg</marc:subfield>
      <marc:subfield code="c">2022</marc:subfield>
   </marc:datafield>
   <marc:datafield ind1="1" ind2=" " tag="520">
      <marc:subfield code="a">Kuss, Kuss, Kuss, wachgeküsst! Als Papa Maxi am Morgen weckt, ist es viel zu hell. Im Bad ist es viel zu kalt und die Kleider im Schrank sind viel zu pieksig. In der Küche ist es viel zu spannend, denn da steht ein Dino und beäugt das Müsli. Unmöglich, sich da zu beeilen! (Quelle: Buchcover)</marc:subfield>
   </marc:datafield>
   <marc:datafield ind1=" " ind2=" " tag="020">
      <marc:subfield code="a">9783407756275</marc:subfield>
      <marc:subfield code="9">9783407756275</marc:subfield>
   </marc:datafield>
</marc:record>
